| 000 | 00778nam a2200229Ia 4500 | ||
|---|---|---|---|
| 001 | 4951 | ||
| 003 | GE_BSU | ||
| 008 | 181216s||||||||xx |||||||||||||| ||und|| | ||
| 040 | _cGE_BSU | ||
| 080 | _a621.7(075.8) | ||
| 100 | _aЕгоров,М.Е. Дементьев,В.И. Дмитрьев,В.Л. | ||
| 245 | _aТехнология машиностроения. | ||
| 245 | _bУчебник. | ||
| 245 | _cРед. Чунеева Л.Н. Под общей ред. М.Е.Егорова. | ||
| 250 | _aИзд. второе дополненное. | ||
| 260 | _aМ. | ||
| 260 | _bВысшая школа. | ||
| 260 | _c1976. | ||
| 300 | _a534стр.с илл.22см.библиогр.:стр.528. | ||
| 653 | _aТехнология машиностроения. | ||
| 942 | _cBK | ||
| 999 |
_c38693 _d38693 |
||